| 000 | 00457nam a2200157 i 4500 | ||
|---|---|---|---|
| 001 | 23667 | ||
| 003 | ES-MaACL | ||
| 005 | 20230906152919.0 | ||
| 007 | t| | ||
| 008 | 021211s1971 xxu ||||1| spa d | ||
| 100 | 1 |
_aD'Ambrosio Servodidio, Mirella. _942342 |
|
| 245 | 1 | 0 |
_aAzorÃn escritor de cuentos / _cMirella D'Ambrosio Servodidio. |
| 260 |
_a[New York] : _bLas Americas, _c[1971] |
||
| 300 |
_a228 p. ; _c22 cm. |
||
| 852 |
_aES-MaACL _jC-39101 _bR.79071 |
||
| 999 |
_c23667 _d23667 |
||